000 00564nam a2200169 i 4500
001 185353
003 ES-MaACL
005 20230906222418.0
008 160524s1912 xxk |||| | eng d
110 2 _aCambridge University Press.
_9134212
245 1 2 _aA catalogue of books /
_cpublished by the Cambridge University Press.
260 _aCambridge :
_bUniversity Press,
_c1912.
300 _a180 p. ;
_c22 cm.
610 2 4 _aCambridge University Press-
_vCatálogos.
_9159628
650 4 _aLibros-
_vCatálogos comerciales.
_9159004
852 _aES-MaACL
_j1512-F-3
999 _c185353
_d185353